000
00505nam a2200169Ia 4500
008
110201s9999 xx 000 0 und d
082
_b
B7904
_a
K 2354
100
_a
पेठे मेघना
245
_a
नातीचरामी
260
_b
राजहंस प्रकाशन
365
_b
200
600
_a
पेठे मेघना
630
_a
नातीचरामी
700
_a
पेठे मेघना
730
_a
नातीचरामी
942
_c
BOOK
999
_c
833406
_d
833403